000 00739cab a22002055a 4500
001 L152887
008 110510e20110507xxk 000 0 eng d
035 _a(Sirsi) u152887
041 0 _aeng
100 1 _aGreatholder, Paul
245 0 0 _aHome truths
260 _c2011
490 _aEstates Gazette
_v(1118) 7 May 2011, 104-105(2)
520 _aQuestions who is responsible for bearing the risk where undisclosed or incorrect information is provided about a property. Caveat emptor in the conveyancing process places the risk with the buyer rather than the seller.
590 _aKA
651 4 _aEngland and Wales
_y1543-
690 _aMANAGEMENT-BUSINESS MANAGEMENT-PROFESSIONAL PRACTICE
700 1 _aCracknell, Ed
942 _n0
999 _c83135
_d83135